Loading...
Adhyathma Ramayanam/
| Other Authors: | |
|---|---|
| Format: | Printed Book |
| Language: | Malayalam |
| Published: |
Cochin:
Punchiri Publications,
1980.
|
| LEADER | 00472nam a2200121Ia 4500 | ||
|---|---|---|---|
| 008 | 161109b xxu||||| |||| 00| 0 mal d | ||
| 245 | |a Adhyathma Ramayanam/ |c tr by Ramachandradev.A | ||
| 260 | |b Punchiri Publications, |a Cochin: |c 1980. | ||
| 300 | |a 996p. | ||
| 700 | |a Ramachandradev.A |e translator | ||
| 942 | |c BK |2 ddc | ||
| 999 | |c 219728 |d 219728 | ||
| 952 | |0 0 |1 0 |4 0 |6 851_410000000000000_ADH |7 0 |9 242717 |a MAL |b MAL |c ST1 |d 2006-09-26 |g 70.00 |l 0 |o 851.41 ADH |p MAL16504 |r 2011-12-05 |v 70.00 |w 2018-08-20 |y BK | ||